header

Constraint reasoning for differential models (Record no. 181198)

MARC details
000 -LEADER
fixed length control field 01349nam a2200337Ia 4500
082 04 - DEWEY DECIMAL CLASSIFICATION NUMBER
Classification number 006.3
100 1# - MAIN ENTRY--AUTHOR NAME
Personal name Cruz, Jorge.
245 10 - TITLE STATEMENT
Title Constraint reasoning for differential models
260 ## - PUBLICATION, DISTRIBUTION, ETC. (IMPRINT)
Place of publication Amsterdam ;
-- Washington, D.C. :
Name of publisher IOS Press,
Year of publication c2005.
300 ## - PHYSICAL DESCRIPTION
Number of Pages xxv, 216 p. :
Other physical details ill.
490 1# - SERIES STATEMENT
Series statement Frontiers in artificial intelligence and applications ;
650 #0 - SUBJECT ADDED ENTRY--TOPICAL TERM
Topical Term Constraints (Artificial intelligence)
Topical Term Differential equations.
Topical Term Interval analysis (Mathematics)
Topical Term Biophysics
856 40 - ELECTRONIC LOCATION AND ACCESS
Uniform Resource Identifier http://site.ebrary.com/lib/rucke/Doc?id=10130633

No items available.

© 2026 Rongo University
Contact us: librarian | system librarian | Rongo university